00581nam a2200181Ia 4500003000900000008004100009020001800050040001600068080001600084100001700100245012900117260003800246300001400284490004400298650001800342650001900360650002000379IN-BaIIA211028s9999 xx 000 0 eng d a0-471-86776-4 cIIA Library a535.64bNAS aNassau, Kurt 4aThe physics and chemistry of colorbthe fifteen causes of colorcKurt Nassau  aNew YorkbJohn Wiley & Sonsc1983 axx, 454p. aWiley series in pure and applied optics aColour vision aNASA thesaurus aPhysical optics